000 01601nam0a22003011 4500
001 rc\2186483
005 20260407100943.0
035 _a(NLR Aleph) 006691851
090 _a5155380
_c5155380
100 _a20110829d1978 |||y0rusy50 ca
101 0 _arus
102 _aRU
105 _ay c |||||
200 1 _aВиды крепления гибких печатных форм
_eРетросп. указ. лит., 1965-1977 гг.
_f[Сост. Л.А. Макаровская]
210 _aМосква
_cКнига
_d1978
215 _a64 с.
_d21
225 1 _aБиблиографическая информация
_fВсесоюз. кн. палата, ЦБНТИ и техн.-экон. исслед. по изд. делу, полигр. пром-сти и кн. торговле
_iПолиграфическая промышленность
606 _aПечатные формы, гибкие
_jУказатели литературы
_xКрепление
_2psbo
700 1 _aМакаровская
_bЛ. А.
712 0 2 _4570
_aЦентральное бюро научно-технической информации и технико-экономических исследований по полиграфической промышленности, издательскому делу и книжной торговле
_cМосква
_3RU\NLR\AUTH\889927778
_9351171
801 0 _aRU
_bNLR
_gpsbo
801 1 _aRU
_bELAR
_2rusmarc
852 _aNLR
_jКн130-410/М15
899 _aRuMoRGB
_jБ 78-51/1415
899 _aRuMoRGB
_jБ 78-51/1416
942 _cBOOK
980 _aNB